000 00558nam a22001937a 4500
008 160322b xxu||||| |||| 00| 0 eng d
020 _a9780415499514
082 _22010
_aDC 349.42
_bSl13
100 _94223
_aSlapper, Gary
245 _aEnglish law/
_cGary Slapper and David Kelly.
250 _aThird Edition
260 _aLondon:
_bRoutledge,
_c©2010.
300 _axlii, 356 pages;
_c23 cm.
500 _aIncludes index.
650 0 _94225
_aLaw
_zEngland
700 _94227
_aKelly, David
_eCo-author
365 _b4, 002.46
_cPhp
942 _2ddc
_cDC
999 _c1398
_d1398